01002nam a2200241 a 4500001001000000003000500010005001700015008004100032010001100073011001100084040000900095100002700104245017500131260004100306500006000347502011200407650003700519650004600556650003700602650002800639650002300667856007000690000108920CHAP20220329144030.0140320s2013 mx sm |||||||spa d a105382 a106354 cCHAP1 aRomero García, Edwin10aAnálisis de los canales de exportación de limón Persa (Citrus latifolia) producido en el municipio de Tlapacoyan, Veracruzh[En línea]cpor Edwin Romero García. aChapingo, Méx. :bEl autor,c2013. aPara ver el contenido del material haga clic en la liga aTesis (Ing. Agr. Esp. en Economía Agrícola) -- UACH. División de Ciencias Económico Administrativas14aAnálisis de costos y beneficio14aLimónxAspectos económicosxMéxico.14aLimónxCostos de producción.14aLimónxExportación.14aLimónxMercadeo. aFinding aiduhttp://10.13.5.2/tesis/sist108920.pdfzTeclea aquí